Students Behaviors and Attitudes Towards Environmentally-Friendly Products

Správanie a postoje k udržateľnej spotrebe spotrebiteľov. Najviac kupované výrobky šetrné k životnému prostrediu. Faktory vplývajúce sa nákup produktov.

Salvato in:
Dettagli Bibliografici
Autore principale: Garasová, Petra, 1993-
Natura: Capitolo di libro
Lingua:inglese
Soggetti:
Tags: Aggiungi Tag
Nessun Tag, puoi essere il primo ad aggiungerne!!

MARC

LEADER 00000naa$a2200000$$$4500
001 0272490
005 20240502074307.7
041 0 |a eng 
044 |a SK 
245 1 0 |a Students Behaviors and Attitudes Towards Environmentally-Friendly Products  |c Petra Garasová 
520 |a Správanie a postoje k udržateľnej spotrebe spotrebiteľov. Najviac kupované výrobky šetrné k životnému prostrediu. Faktory vplývajúce sa nákup produktov. 
610 2 0 |a prostredie životné 
610 2 0 |a nákup 
610 2 0 |a spotrebitelia 
610 2 0 |a správanie spotrebiteľa 
610 2 0 |a študenti 
100 1 |a Garasová, Petra, 1993-